Biblioteca

Imperio romano en tiempos de Cristo (Registro nro. 65820)

Detalles MARC
000 -LÍDER
Campo fijo de descripción fija 00881ned a22003134i 4500
001 - NÚMERO DE CONTROL
Campo de control 768714001
003 - IDENTIFICADOR DEL NÚMERO DE CONTROL
Campo de control CO-MdFUSB
005 - FECHA Y HORA DE LA ULTIMA TRANSACCIÓN
control field 20200427143528.0
007 - CAMPO FIJO DE DESCRIPCIÓN FIJA--INFORMACIÓN GENERAL
Campo fijo de descripción fija aj cafaa
008 - ELEMENTOS DE LONGITUD FIJA -- INFORMACIÓN GENERAL
Campo fijo de descripción fija -- Información general 200427t1999 ck ||||| |a|| 00| 0 spa d
020 ## - NÚMERO INTERNACIONAL NORMALIZADO PARA LIBROS
Cancelado / ISBN no válido 1576976912
034 ## - DATOS CARTOGRÁFICOS MATEMÁTICOS CODIFICADOS
Tipo de escala a
040 ## - FUENTE DE CATALOGACIÓN
Agencia de catalogación original CO-MdFUSB
Idioma de catalogación spa
Agencia que realiza la transcripción CO-MdFUSB
Agencia que realiza la modificación CO-MdFUSB
Convenciones de la descripción rda
041 ## - CÓDIGO DE IDIOMA
Código de idioma para texto/pista de sonido o título separado spa
043 ## - CÓDIGO DEL ÁREA GEOGRÁFICA
Código de área geográfica ck
084 ## - OTROS NÚMEROS DE CLASIFICACIÓN
Número de clasificación M 233 S675
Agencia que asigna el número CO-MdFUSB
110 ## - ASIENTO PRINCIPAL--NOMBRE CORPORATIVO
Nombre corporativo o de jurisdicción como elemento de entrada Sociedades Bíblicas Unidas,
245 ## - TÍTULO
Título del Material Imperio romano en tiempos de Cristo
Mención de responsabilidad, etc. /
255 ## - DATOS MATEMÁTICOS CARTOGRÁFICOS
Escala a
264 #1 - PRODUCCIÓN, PUBLICACIÓN, DISTRIBUCIÓN, MANUFACTURA, Y COPYRIGHT
Lugar de producción, publicación, distribución, manufactura Colombia :
Nombre del productor, publicador, distribuidor Sociedades Bíblicas Unidas de Colombia,
Fecha de producción, publicación, distribución, manufactura, o copyright [1999]
264 #4 - PRODUCCIÓN, PUBLICACIÓN, DISTRIBUCIÓN, MANUFACTURA, Y COPYRIGHT
Fecha de producción, publicación, distribución, manufactura, o copyright © 1999
300 ## - DESCRIPCIÓN FÍSICA
Extensión 1 mapas en 1 pliego :
Otros detalles físicos color, seda ;
336 ## - TIPO DE CONTENIDO
Fuente rdacontent
Término de tipo de contenido imagen cartográfica
Código de tipo de contenido cri
337 ## - TIPO DE MEDIO
Fuente rdamedia
Nombre del tipo de medio sin mediación
Código del tipo de medio n
338 ## - TIPO DE SOPORTE
Fuente rdacarrier
Nombre del tipo de soporte hoja
Código Tipo de soporte nb
490 ## - MENCIÓN DE SERIE
Mención de serie Mapas Bíblicos RVR
650 #7 - ASIENTO SECUNDARIO DE MATERIA - TERMINO TEMÁTICO
9 (RLIN) 239
Término temático o nombre geográfico como elemento de entrada Cristología
942 ## - TIPO DE MATERIAL (KOHA)
Tipo de Item KOHA Mapas
Existencias
Estado de Material Estado de Perdido Forma de Clasificación Estado de Dañado No para Préstamo Colección Biblioteca FUSBC Biblioteca de Origen Biblioteca Permanente Fecha de Adquisición Total de Préstamos Total de Renovaciones Signatura Topográfica Código de Barras Última vez visto Última vez Préstado Ejemplar/Existencia Fecha de Remplazo Tipo de Material
    Dewey Decimal Classification     Colección de Mapas BIBLIA Biblioteca FUSBC Biblioteca FUSBC 27/04/2020 1 1 M 233.00 S675i M0068 22/04/2022 19/04/2022 Ej.1 27/04/2020 Mapas

Biblioteca FUSBC | Teléfono: (57+4) 349 88 10 Ext. 141| WhatsApp (+57) 3005338115 
E-mail: biblioteca@unisbc.edu.co | Calle 76 87-14 Robledo Palenque, Medellín, Colombia

Con tecnología Koha